Netradičně v hodinách tělesné výchovy na zvláštní škole /

Hlavní autor: Karásková, Vlasta, 1947-
Další autoři: Greplová, Jitka, Libra, Miroslav, 1925-
Jazyk: Čeština
Vydáno: Praha : Septima, 1992
Vydání: 1. vyd.
Témata:
Fyzický popis: 56 s. : il. ; 21 cm
Knihy
Uloženo v:
LEADER 01551nam a2200409 a 4500
001 000025729
003 CZ BrMZK
005 20250217135606.0
008 950707s1992 xr f f 0 cze d
015 |a cnb000077882 
020 |a 80-901446-0-8  |q (brož.) 
040 |a BOA001  |b cze 
072 7 |a 796  |x Sport. Hry. Tělesná cvičení  |2 Konspekt  |9 20 
080 |a 796.012.6:37.016  |2 MRF 
080 |a 793.3:37.016  |2 MRF 
080 |a 376.1  |2 MRF 
080 |a (072)  |2 MRF 
100 1 |a Karásková, Vlasta,  |d 1947-  |7 jn20000620151  |4 aut 
245 1 0 |a Netradičně v hodinách tělesné výchovy na zvláštní škole /  |c Vlasta Karásková ... [et al.] ; ilustr. Miroslav Libra ; graf. úprava Michal Císařovský 
250 |a 1. vyd. 
260 |a Praha :  |b Septima,  |c 1992 
300 |a 56 s. :  |b il. ;  |c 21 cm 
500 |a Obálka Jitka Greplová 
650 0 7 |a tělesná výchova  |7 ph116513  |2 czenas 
650 0 7 |a pohybová výchova  |7 ph124202  |2 czenas 
650 0 7 |a zvláštní školy  |7 ph127696  |2 czenas 
650 0 9 |a physical education and training  |2 eczenas 
650 0 9 |a movement education  |2 eczenas 
650 0 9 |a schools for children with mental disabilities  |2 eczenas 
655 7 |a metodické příručky  |7 fd132826  |2 czenas 
655 9 |a methodological manuals  |2 eczenas 
700 1 |a Greplová, Jitka  |7 xx0018749  |4 art 
700 1 |a Libra, Miroslav,  |d 1925-  |7 jk01072071  |4 ill 
910 |a BOA001  |b PK-0119.544 
990 |a BK 
995 |a 01 
996 7 |b 3119995333  |c PK-0119.544  |l MZK  |r Sklad / do 1 hodiny  |n 9  |w 000025729  |u 000010  |a 1  |e BOA001  |j MZK50  |s A